| 000 | 00449nam a22001817a 4500 | ||
|---|---|---|---|
| 005 | 20230118104939.0 | ||
| 008 | 210301b ||||| |||| 00| 0 eng d | ||
| 020 | _a9789389807030 | ||
| 041 | _aeng | ||
| 082 | _a615.19 KAR-P | ||
| 100 |
_aKAR,ASHUTOSH _95122 |
||
| 245 | _aPHARMACEUTICAL DRUG ANALYSIS | ||
| 250 | _a4'TH | ||
| 260 |
_aMODINAGAR _bUNNATI PUBLICATION _c2021 |
||
| 300 | _a571,P | ||
| 650 |
_aPHARMACY _xD.PHARMA _97090 |
||
| 942 | _cBK | ||
| 999 |
_c7487 _d7485 |
||